000 00444nam a2200181Ia 4500
005 20240402040616.0
008 240331s9999 xx 000 0 und d
020 _a0710002733
082 _bDES
_a330.9
100 _ade Silva, S.B.D
245 4 _aThe political economy of underdevelopment
250 _a1 St.
260 _aLondon :
_bRoutledge /
_c1982.
300 _avii, 1182 p.,
650 _apolitical
650 _aEconomy
942 _cL
999 _c2579
_d2579